000 00372nam a2200085Ia 4500
245 0 _aThe visual handbook of building and remodeling : a comprehensive guide to choosing the right materials and systems for every part of your home
100 _a Wing, Charles, , 1939- Newtown, Conn., [c.2009] 3rd ed
_977029
942 _cBK
008 210817s9999 xx 000 0 und d
999 _c262193
_d262192